Catálogo

INTRODUCCION A LA ADMINISTRACION (Registro nro. 45674)

Detalles MARC
000 -LEADER
fixed length control field 01011nam a2200205 a 4500
001 - CONTROL NUMBER
control field 45674
005 - DATE AND TIME OF LATEST TRANSACTION
control field 20180714024946.0
008 - FIXED-LENGTH DATA ELEMENTS--GENERAL INFORMATION
fixed length control field 140415s1991 mx 000 0 spa d
020 ## - INTERNATIONAL STANDARD BOOK NUMBER
International Standard Book Number 9687270756
041 ## - LANGUAGE CODE
Language code of text/sound track or separate title spa
082 ## - DEWEY DECIMAL CLASSIFICATION NUMBER
Classification number 658
Item number CUN
100 1# - MAIN ENTRY--PERSONAL NAME
Personal name CUNNINGHAM, WILLIAM H.
245 10 - TITLE STATEMENT
Title INTRODUCCION A LA ADMINISTRACION
250 ## - EDITION STATEMENT
Edition statement 1a ed.
260 ## - PUBLICATION, DISTRIBUTION, ETC.
Place of publication, distribution, etc. MEXICO :
Name of publisher, distributor, etc. GRUPO EDITORIAL IBEROAMERICA,
Date of publication, distribution, etc. 1991
300 ## - PHYSICAL DESCRIPTION
Extent 4
Dimensions 19 x 2.5 x 23.7
520 ## - SUMMARY, ETC.
Summary, etc. ENTRE LAS DIFERENCIAS IMPORTANTES DE ESTE LIBRO RESPECTO A LA VISIÓN ORIGINAL EN INGLÉS, SE ENCUENTRAN REFERENCIAS A LA SITUACIÓN ECONÓMICA DE MÉXICO Y SU MARCO LEGAL. EN LOS DIVERSOS CAPÍTULOS DEL LIBRO APARECEN LECTURAS QUE MUESTRAN ALGUNOS PROBLEMAS QUE SON ESPECÍFICOS PARA ADMINISTRADOR QUE EJERCE EN MÉXICO, Y ALGUNOS TEMAS DE CONTROVERSIA QUE PLANTEAN DILEMAS ÉTICOS QUE PUEDEN AYUDAR A COMPRENDER EL MARCO EN QUE EL ADMINISTRADOR TOMA SUS DECISIONES.
650 14 - SUBJECT ADDED ENTRY--TOPICAL TERM
Topical term or geographic name entry element ADMINISTRACION
740 ## - ADDED ENTRY--UNCONTROLLED RELATED/ANALYTICAL TITLE
Uncontrolled related/analytical title INTRODUCTION TO BUSINES
Existencias
Withdrawn status Lost status Source of classification or shelving scheme Damaged status Not for loan Collection code Home library Current library Shelving location Date acquired Source of acquisition Inventory number Total Checkouts Full call number Barcode Date last seen Date last checked out Price effective from Koha item type
    Dewey Decimal Classification     General Biblioteca Karol Wojtyla Biblioteca Karol Wojtyla Sala general 03/12/2013 Compra 151000000000000000020771   658 CUN 68579 05/01/2026 23/08/2014 03/12/2013 Libro